<?xml version="1.0" encoding="UTF-8"?><?xml-stylesheet type="text/xsl" href="static/style.xsl"?><OAI-PMH xmlns="http://www.openarchives.org/OAI/2.0/" xmlns:xsi="http://www.w3.org/2001/XMLSchema-instance" xsi:schemaLocation="http://www.openarchives.org/OAI/2.0/ http://www.openarchives.org/OAI/2.0/OAI-PMH.xsd"><responseDate>2026-04-17T11:13:25Z</responseDate><request verb="GetRecord" identifier="oai:www.recercat.cat:2117/108383" metadataPrefix="marc">https://recercat.cat/oai/request</request><GetRecord><record><header><identifier>oai:recercat.cat:2117/108383</identifier><datestamp>2026-01-22T02:20:43Z</datestamp><setSpec>com_2072_1033</setSpec><setSpec>col_2072_452949</setSpec></header><metadata><record xmlns="http://www.loc.gov/MARC21/slim" xmlns:dcterms="http://purl.org/dc/terms/" xmlns:xsi="http://www.w3.org/2001/XMLSchema-instance" xmlns:doc="http://www.lyncode.com/xoai" xsi:schemaLocation="http://www.loc.gov/MARC21/slim http://www.loc.gov/standards/marcxml/schema/MARC21slim.xsd">
   <leader>00925njm 22002777a 4500</leader>
   <datafield ind2=" " ind1=" " tag="042">
      <subfield code="a">dc</subfield>
   </datafield>
   <datafield ind2=" " ind1=" " tag="720">
      <subfield code="a">Cortés López, David</subfield>
      <subfield code="e">author</subfield>
   </datafield>
   <datafield ind2=" " ind1=" " tag="260">
      <subfield code="c">2017-06</subfield>
   </datafield>
   <datafield ind2=" " ind1=" " tag="520">
      <subfield code="a">La congestión urbana se refiere al resultado de un proceso de acumulación de materia en el espacio, y a la relación de esta configuración con la sociedad. El presente artículo tiene como objetivos, entender y transformar, por medio del análisis y diseño urbano, el problema de la congestión urbana en el sector de San Victorino, ubicado en la ciudad de Bogotá. Los objetivos se desarrollaron con una metodología aplicada, a través de un componente principal: configuración espacial; y dos componentes complementarios: retrospectiva y radiografía urbana. Como resultado se reveló el proceso histórico de transformación urbana que llevó a la congestión de San Victorino, también se evidenció la influencia de la configuración espacial en la sociedad y en la congestión urbana de San Victorino; así mismo se propusieron estrategias de diseño, que permiten visualizar y evaluar diferentes escenarios, como alternativas de transformación urbana para contrarrestar gradualmente el problema de la congestión.</subfield>
   </datafield>
   <datafield ind2=" " ind1=" " tag="520">
      <subfield code="a">Urban congestion refers to the result of a process of accumulation of matter in space, and the relationship of this configuration with society. The objective of this article is to understand and transform, through urban analysis and design, the problem of urban congestion in the San Victorino sector, located in the city of Bogotá. The objectives were developed with an applied methodology, through a main component: spatial configuration; And two complementary components: retrospective and urban radiography. As a result, the historical process of urban transformation that led to the congestion of San Victorino was revealed, also the influence of spatial configuration on society and the urban congestion of San Victorino was evidenced; likewise, design strategies were proposed, which allow visualizing and evaluating different scenarios, as alternatives for urban transformation to gradually counteract the problem of congestion.</subfield>
   </datafield>
   <datafield tag="653" ind2=" " ind1=" ">
      <subfield code="a">Àrees temàtiques de la UPC::Urbanisme</subfield>
   </datafield>
   <datafield tag="653" ind2=" " ind1=" ">
      <subfield code="a">Cities and towns -- Colombia -- Bogotá</subfield>
   </datafield>
   <datafield tag="653" ind2=" " ind1=" ">
      <subfield code="a">Sociology, Urban -- Colombia -- Bogotá</subfield>
   </datafield>
   <datafield tag="653" ind2=" " ind1=" ">
      <subfield code="a">Urban renewal -- Colombia -- Bogotá</subfield>
   </datafield>
   <datafield tag="653" ind2=" " ind1=" ">
      <subfield code="a">Congestión urbana</subfield>
   </datafield>
   <datafield tag="653" ind2=" " ind1=" ">
      <subfield code="a">Configuración espacial</subfield>
   </datafield>
   <datafield tag="653" ind2=" " ind1=" ">
      <subfield code="a">Diseño urbano</subfield>
   </datafield>
   <datafield tag="653" ind2=" " ind1=" ">
      <subfield code="a">San Victorino</subfield>
   </datafield>
   <datafield tag="653" ind2=" " ind1=" ">
      <subfield code="a">Urban congestion</subfield>
   </datafield>
   <datafield tag="653" ind2=" " ind1=" ">
      <subfield code="a">Spatial configuration</subfield>
   </datafield>
   <datafield tag="653" ind2=" " ind1=" ">
      <subfield code="a">Urban design</subfield>
   </datafield>
   <datafield tag="653" ind2=" " ind1=" ">
      <subfield code="a">Morfologia urbana -- Colòmbia -- Bogotà</subfield>
   </datafield>
   <datafield tag="653" ind2=" " ind1=" ">
      <subfield code="a">Sociologia urbana -- Colòmbia -- Bogotà</subfield>
   </datafield>
   <datafield tag="653" ind2=" " ind1=" ">
      <subfield code="a">Rehabilitació urbana -- Colòmbia -- Bogotà</subfield>
   </datafield>
   <datafield ind2="0" ind1="0" tag="245">
      <subfield code="a">Congestión urbana: estudio y transformación urbana de San Victorino, Bogotá</subfield>
   </datafield>
</record></metadata></record></GetRecord></OAI-PMH>